Di taman seni

Bibliographic Details
Main Author: Azah Aziz
Format: Book
Published: Petaling Jaya : Fajar Bakti , 1987
Subjects:

MARC

LEADER 00000cam a2200000 7i4500
001 0000000557
002 000000644
005 20000330.0
020 |a T000000142 
090 0 0 |a 745.5   |b AZA 
100 0 |a Azah Aziz 
245 1 0 |a Di taman seni   |c Azah Aziz 
260 |a Petaling Jaya :   |b Fajar Bakti ,   |c 1987 
650 0 0 |a Handicraft   |z Malaysia 
999 |a 11234   |b BUKU   |c JUNIOR BOOKS   |e PERPUSTAKAAN KOMUNITI PETALING JAYA